El gran libro de la naturaleza argentina /

Guardado en:
Formato: Libro
Publicado: Buenos Aires : Atlántida, 1995
Materias:
Etiquetas: Agregar Etiqueta
Sin Etiquetas, Sea el primero en etiquetar este registro!
LEADER 00754nam a22001815a 4500
001 CEM.cems012131
005 20060606000000.0
008 130507s1995##################000#0#####d
003 CEMS
082 0 4 |a 574.5 
245 0 0 |a El gran libro de la naturaleza argentina /  |c La Nueva Provincia 
260 |a Buenos Aires :  |b Atlántida,  |c 1995 
300 |a 336 p. 
505 0 |a El abece de la ecología -- Relaciones entre las especies -- La selva misionera -- Palmitales y pinares -- Las aguas revoltosas -- Los herbívoros terrestres -- Esteros y lagunas -- La nuboselva -- Los bosques en el ciclo -- Una vida difícil. 
653 |a Biología 
653 |a Ecología argentina 
653 |a Medio ambiente 
859 |a CEMS  |b BIB. CEMS - 11 de abril  |h 574.5  |i N889  |p 23132.05  |t Ej.1